| 000 | 00408cam a2200169ua 4500 | ||
|---|---|---|---|
| 020 | _c90.00 | ||
| 041 |
_aeng _h |
||
| 082 |
_a005.133 _bHUN/UN |
||
| 100 | _aHunter, Bruce H . | ||
| 245 |
_aUnderstanding C / _cBruce H Hunter. _hTextual Documents |
||
| 260 |
_aNew Delhi : _bB P B Publishers , _c1985. |
||
| 300 | _a320 ; . | ||
| 365 | _a90.00 | ||
| 504 | _a | ||
| 942 | _cBK | ||
| 999 |
_c9689 _d9689 |
||